Statistics for Young Justice- Designations

Click here to take the quiz!

General Stats

  • This quiz has been taken 9 times
  • The average score is 23 of 34

Answer Stats

IDMentor Hero
Season
Appeared
Answer% Correct
B-16Batman2-4Batgirl/Oracle
100%
B-23Flash2-4Impulse/Kid Flash
100%
B-03Flash1-2Kid Flash
100%
B-13Batman2Robin/Jason Todd
100%
B-01Batman1-4Robin/Nightwing
100%
B-20Batman2-4Robin/ Tim Drake
100%
B-06Green Arrow1-4Speedy/Red Arrow
100%
B-04Superman1-4Superboy
100%
B-08Zatara1-4Zatanna
100%
B-02Aquaman1-4Aqualad
80%
B-07Green Arrow1-4Artemis/Tigress
80%
B-19B-052-4Beast Boy
80%
B-18Aquaman2-4Lagoon Boy
80%
B-05Martian Manhunter1-4Miss Martian
80%
B-09Icon1-4Rocket
80%
B-21Wonder Woman2-4Wonder Girl
80%
B-11Aquaman1-2Aquagirl
60%
B-27Green Arrow2-4Arrowette
60%
B-22Ted Kord2-4Blue Beetle
60%
B-30B-043-4Geo-Force
60%
B-26Black Lightning2-4Static
60%
B-10Aquaman1-4Tempest/Garth
60%
B-33B-053-4Terra
60%
B-25Green Arrow2-4Arsenal
40%
B-17Atom2-4Bumblebee
40%
B-32B-043-4Forager
40%
B-24Jim Harper2-4Guardian
40%
B-31B-053-4Halo
40%
B-14Captain Marvel2Lieutenant Marvel
40%
B-36Batman3-4Orphan
40%
B-15Captain Marvel2-4Sergeant Marvel
40%
B-29B-083-4Thirteen
40%
B-28Batman3-4Spolier
20%
B-12Wonder Woman2-4Troia
20%

Score Distribution

Percentile by Number Answered

Percent of People with Each Score

Your Score History

You have not taken this quiz